Abriendo senderos viables en una historia tan marginada como globalizada: a manera de comentario /

שמור ב:
מידע ביבליוגרפי
מחבר ראשי: Wünderich, Volker
פורמט: ספר
שפה:Spanish
תגים: הוספת תג
אין תגיות, היה/י הראשונ/ה לתייג את הרשומה!

MARC

LEADER 00000nam a22000007a 4500
003 cru CIDCACS/IIS
005 20210817125038.0
007 ta
008 161130s2015 cr ||||| |||| 00| 0 spa d
040 |c CRAI/IIS  |a CRAI/IIS 
100 1 |9 657  |a Wünderich, Volker 
245 1 |a Abriendo senderos viables en una historia tan marginada como globalizada:  |b a manera de comentario /  |c Volker Wünderich 
300 |a páginas 113-118 
500 |a Colección Centroamérica 
773 0 |0 18765  |9 185  |a Universidad de Costa Rica  |d San José, Costa Rica: Editorial Universidad de Costa Rica, 1974-  |o R17675  |t Anuario de Estudios Centroaméricanos / 
942 |2 ddc  |c PP 
999 |c 18770  |d 18770